Journal of ethics & social philosophy

Bibliographic Details
Format: Journal
Language:English
Published: [United States] : University of Southern California. 2010 -
Subjects:
Online Access:Acceso restringido

MARC

LEADER 00000nas a2200000 4500
005 2014050509199.0
007 cr|||| ||||
008 130219c 9999us uu p s 0 0eng d
022 |a 1559-3061 
035 |a 5460 
040 |a BUS  |d vLex 
090 |c 4917  |d 4917 
245 0 0 |a Journal of ethics & social philosophy  |h [Recurso electrn̤ico] 
256 |a Servicio en lƯ̕nea. 
260 |a [United States] :  |b University of Southern California.  |c 2010 -  
300 |a 1 recurso electrn̤ico 
310 |a Anual 
362 |a Nm︢. 1 (2010) - 
506 1 |a Contenido solo disponible en los productos indicados  |d vLex Global  |d vLex Global (Academic Edition, excluding Law Schools)  |d vLex Global (Academic Edition, Law Schools) 
650 0 4 |a Ética  |v Publicaciones perid̤icas 
740 0 |a vLex Revistas (Servicio en lƯ̕nea) 
856 4 0 |u http://vlex.com/source/5460  |z Acceso restringido 
942 |c REV 
999 0 |a Ethics